Nádory slinných žláz u dětí a adolescentů

Bibliographic Details
Main Author: Stárek, Ivo, 1951- (Author)
Format: Article
Language:Czech
PhysicalDescription:Tab. 1, res. angl., čes., lit. 21 zázn. v angl.
ISSN:0069-2328
Subjects:

MARC

LEADER 00000nab a2200000 a 4500
001 vtls000581086
003 SK-MaSNL
005 20260304025554.0
008 220422c1994 xo 0 cze
015 |a SNBRB19rr/mm-uuuuu 
035 |a CL0581224 
040 |a SNKBUCL  |b slo  |c SNKBUCL  |e AACR2 
041 0 |a cze 
044 |a xo  |c SK 
080 |a 616.316-006-053.2  |2 1981 
100 1 |a Stárek, Ivo,  |d 1951-  |4 aut  |9 120464 
245 1 0 |a Nádory slinných žláz u dětí a adolescentů  |c I. Stárek 
300 |b Tab. 1, res. angl., čes., lit. 21 zázn. v angl. 
650 0 7 |a žľazy slinné  |2 snkbucl  |9 996673 
650 0 7 |a nádory  |2 snkbucl  |9 15229 
655 7 |a články z novín a časopisov  |2 snkbucl  |9 267496 
773 0 |t Česko-slovenská pediatrie  |g Roč. 49, č. 2 (1994), s. 86-88  |x 0069-2328 
850 |a Slovenská národná knižnica v Martine  |a MTA001 
852 |a SNK  |b KIS3GCP 
958 |a NB 
958 |a RK 
958 |a ME 
958 |a NX 
992 |a RBX 
999 |c 2628636  |d 2630566